00826 a2200181 4500003000500000005001700005010001700022020001800039040000900057082001500066100002100081245005100102250001200153260005500165300003500220505037000255650001900625Nust20221129134006.0 a 2001033915 a9788177583618 cNust00a519.2, ROS1 aRoss, Sheldon M.12aA first course in probability /cSheldon Ross. a6th ed. aUpper Saddle River, N.J. :bPrentice Hall,cc2002. aviii, 520 p. :bill. ;c25 cm. aCombinatorial Analysis(Page-9), Axioms of Probability (Page-32), Conditional Probability and Independence (Page-72), Random Variables (Page-130), Continuous Random Variables (Page-195), Jointly Distributed Random Variables (Page-247), Properties Expectation (Page-312), Limit Theorems (Page-408), Additional Topics in Probability (Page-440), Simulation (Page-463). 0aProbabilities.